[Event "POL-ChT2"]
[Site "Opole POL"]
[Date "2006.09.05"]
[Round "4"]
[White "Toczek, Grzegorz"]
[Black "Migala, Andrzej"]
[Result "1-0"]
[WhiteElo "2339"]
[BlackElo "2164"]
[EventDate "2006.09.02"]
[PlyCount "115"]

1.e4 c5 2.Nf3 d6 3.d4 cxd4 4.Qxd4 Nc6 5.Bb5 Bd7 6.Bxc6 Bxc6 7.Nc3 Nf6 8.
Bg5 e6 9.O-O-O Be7 10.Qd3 Qa5 11.h4 O-O 12.Nd4 Rac8 13.f4 a6 14.Rhe1 Rfe8 
15.f5 e5 16.Nb3 Qc7 17.g3 d5 18.Bxf6 dxe4 19.Nxe4 gxf6 20.c3 Red8 21.Qe3 
Rxd1+ 22.Rxd1 Rd8 23.Rxd8+ Qxd8 24.Nbd2 Kg7 25.g4 h6 26.a3 Qd7 27.Ng3 Kh7 
28.Nde4 Qd5 29.Qd2 Qc4 30.Qc2 Ba4 31.Qe2 Qa2 32.Qd3 Bb5 33.Qc2 Qa1+ 34.Qb1
Qxb1+ 35.Kxb1 h5 36.gxh5 Bd3+ 37.Kc1 Kh6 38.Nf2 Bb5 39.Kd2 Bc6 40.Kd3 Bf3 
41.b4 Bxh5 42.Ke4 a5 43.Nxh5 Kxh5 44.Nd3 axb4 45.axb4 Kxh4 46.c4 Kh5 47.c5
Kh6 48.b5 Kg7 49.c6 bxc6 50.bxc6 Bd8 51.Nb4 Kh6 52.Nd5 Kg5 53.c7 Bxc7 54.
Nxc7 Kg4 55.Ne8 Kg5 56.Nd6 Kg4 57.Nxf7 Kh5 58.Nxe5 1-0

[Event "POL-ChT2"]
[Site "Opole POL"]
[Date "2006.09.05"]
[Round "4"]
[White "Bednarska, Malgorzata"]
[Black "Zielinska, Marta"]
[Result "0-1"]
[WhiteElo "2194"]
[BlackElo "2353"]
[EventDate "2006.09.02"]
[PlyCount "46"]

1.e4 g6 2.d4 Bg7 3.Nc3 d5 4.exd5 Nf6 5.Bc4 O-O 6.Bg5 Nbd7 7.Bb3 Nb6 8.Qd2 
a5 9.a3 a4 10.Ba2 Nbxd5 11.Nxd5 Nxd5 12.Bh6 Bxh6 13.Qxh6 Nf6 14.O-O-O Ra5 
15.d5 Qd6 16.Rd4 Bf5 17.Nf3 Rc5 18.c4 b5 19.Ng5 bxc4 20.Rh4 c3 21.Nxh7 
cxb2+ 22.Kd2 Rc2+ 23.Kd1 Qxd5+ 0-1

[Event "POL-ChT2"]
[Site "Opole POL"]
[Date "2006.09.05"]
[Round "4"]
[White "Fraczek, Daniel"]
[Black "Jozwik, Rafal"]
[Result "1-0"]
[WhiteElo "2297"]
[BlackElo "2168"]
[EventDate "2006.09.02"]
[PlyCount "47"]

1.d4 d5 2.c4 e6 3.Nc3 c6 4.e4 dxe4 5.Nxe4 Bb4+ 6.Bd2 Qxd4 7.Bxb4 Qxe4+ 8.
Be2 Na6 9.Ba3 c5 10.Qd3 Qd4 11.Qxd4 cxd4 12.Nf3 Bd7 13.O-O-O Rc8 14.Rxd4 
f6 15.Rhd1 Bc6 16.Rd6 Bd5 17.b3 Nc5 18.cxd5 Ne4+ 19.Kb2 Nxd6 20.dxe6 a6 
21.Rxd6 Rc7 22.Nd4 Ne7 23.Bf3 O-O 24.Rd7 1-0

[Event "POL-ChT2"]
[Site "Opole POL"]
[Date "2006.09.05"]
[Round "4"]
[White "Misiuga, Andrzej"]
[Black "Murawski, Grzegorz"]
[Result "0-1"]
[WhiteElo "2199"]
[BlackElo "2311"]
[EventDate "2006.09.02"]
[PlyCount "99"]

1.Nf3 d5 2.g3 Bg4 3.Bg2 Nd7 4.c4 e6 5.Qa4 Nf6 6.h3 Bxf3 7.Bxf3 c6 8.cxd5 
exd5 9.d4 Bd6 10.Nc3 Qb6 11.Rb1 O-O 12.O-O h6 13.Qd1 Rfe8 14.Qd3 Re7 15.e4
dxe4 16.Nxe4 Nxe4 17.Bxe4 Nf6 18.Bf3 Rd8 19.Rd1 Bc7 20.Qc4 Red7 21.Be3 Nd5
22.Bd2 Bb8 23.b4 a6 24.a4 Qc7 25.Qc2 Ba7 26.Qb2 Qd6 27.Be1 Qf6 28.Kg2 Nc7 
29.Bc3 Qg6 30.Rbc1 Ne6 31.Kh2 Bxd4 32.b5 Ng5 33.Bg4 f5 34.bxc6 bxc6 35.Be2
c5 36.Bxd4 cxd4 37.Rd3 Ne4 38.Qb3+ Kh8 39.Kg2 Qd6 40.Bf3 Nc5 41.Qc4 Nxd3 
42.Qxd3 a5 43.Qxf5 Rf8 44.Qh5 Qa3 45.Rf1 Rdf7 46.Be4 Qa2 47.Qg6 Rxf2+ 48.
Rxf2 Qxf2+ 49.Kh1 Qf1+ 50.Kh2 0-1

[Event "POL-ChT2"]
[Site "Opole POL"]
[Date "2006.09.05"]
[Round "4"]
[White "Brodowski, Piotr"]
[Black "Pazdziora, Michal"]
[Result "1-0"]
[WhiteElo "2320"]
[BlackElo "2151"]
[EventDate "2006.09.02"]
[PlyCount "73"]

1.Nf3 d5 2.d4 c6 3.Bg5 h6 4.Bh4 Qb6 5.Qc1 Bf5 6.e3 Nd7 7.c4 e6 8.Nbd2 Be7 
9.Bxe7 Nxe7 10.b3 O-O 11.Qa3 Rfe8 12.b4 a5 13.b5 c5 14.Be2 Bg4 15.cxd5 
exd5 16.dxc5 Nxc5 17.h3 Bxf3 18.Nxf3 Nf5 19.g4 Nd6 20.Rd1 Nc4 21.Qc1 Rad8 
22.Bxc4 dxc4 23.Rxd8 Qxd8 24.Qxc4 Qf6 25.Nd4 Ne4 26.Qe2 Nc3 27.Qc4 Nxa2 
28.O-O Nb4 29.Qc7 b6 30.Nc6 Qf3 31.Qd7 Rxe3 32.Ne7+ Kh7 33.Nf5 Re4 34.Qxf7
Qc3 35.Nxh6 Qf6 36.Qg8+ Kxh6 37.Qh8+ 1-0

[Event "POL-ChT2"]
[Site "Opole POL"]
[Date "2006.09.05"]
[Round "4"]
[White "Chojnacki, Krzysztof"]
[Black "Tustanowski, Robert"]
[Result "1/2-1/2"]
[WhiteElo "2351"]
[BlackElo "2286"]
[EventDate "2006.09.02"]
[PlyCount "52"]

1.e4 d6 2.d4 Nf6 3.Nc3 e5 4.Nf3 Nbd7 5.Bc4 Be7 6.O-O O-O 7.Qe2 c6 8.a4 
exd4 9.Nxd4 Re8 10.a5 Bf8 11.f3 d5 12.Bb3 c5 13.Nf5 c4 14.Ba4 Qxa5 15.Bxd7
Qxa1 16.Bxe8 Bxf5 17.Ba4 dxe4 18.fxe4 Nxe4 19.Nxe4 Bxe4 20.Qxc4 Bf5 21.Qb5
Be6 22.Qxb7 Bc5+ 23.Kh1 Rf8 24.Bb3 Bxb3 25.Qxb3 Qa6 26.Qf3 Qc4 1/2-1/2

[Event "POL-ChT2"]
[Site "Opole POL"]
[Date "2006.09.05"]
[Round "4"]
[White "Antoniewski, Rafal"]
[Black "Markowski, Tomasz"]
[Result "1/2-1/2"]
[WhiteElo "2509"]
[BlackElo "2547"]
[EventDate "2006.09.02"]
[PlyCount "50"]

1.e4 c5 2.Nc3 e6 3.Nf3 a6 4.d4 cxd4 5.Nxd4 b5 6.Bd3 d6 7.O-O Nf6 8.a4 b4 
9.Na2 Bb7 10.Qe2 a5 11.Bg5 Be7 12.Bb5+ Nbd7 13.Nc6 Bxc6 14.Bxc6 Rc8 15.Bb5
O-O 16.c3 bxc3 17.Nxc3 Nc5 18.Qf3 Qb6 19.Rad1 Rfd8 20.Rfe1 Qb7 21.h3 h6 
22.Bf4 Kf8 23.Qe2 Kg8 24.Qf3 Kf8 25.Qe2 Kg8 1/2-1/2

[Event "POL-ChT2"]
[Site "Opole POL"]
[Date "2006.09.05"]
[Round "4"]
[White "Schmidt, Wlodzimierz"]
[Black "Zeberski, Jakub"]
[Result "1/2-1/2"]
[WhiteElo "2437"]
[BlackElo "2410"]
[EventDate "2006.09.02"]
[PlyCount "42"]

1.d4 d5 2.c4 e6 3.Nc3 Nf6 4.Bg5 Be7 5.e3 O-O 6.Nf3 h6 7.Bh4 b6 8.Bd3 Bb7 
9.O-O Nbd7 10.Qe2 dxc4 11.Bxc4 Ne4 12.Nxe4 Bxe4 13.Bg3 Bd6 14.Bxd6 cxd6 
15.Rac1 Rc8 16.Ba6 Rc7 17.Rfd1 Nb8 18.Bd3 Bxd3 19.Qxd3 Qe7 20.Rc3 Rfc8 21.
Rdc1 Rxc3 1/2-1/2

[Event "POL-ChT2"]
[Site "Opole POL"]
[Date "2006.09.05"]
[Round "4"]
[White "Szydlowska, Marta"]
[Black "Sikorska, Agata"]
[Result "0-1"]
[WhiteElo "2048"]
[BlackElo "2101"]
[EventDate "2006.09.02"]
[PlyCount "100"]

1.d4 Nf6 2.Nf3 g6 3.Bf4 Bg7 4.e3 d6 5.h3 c5 6.c3 cxd4 7.cxd4 O-O 8.Nc3 Bf5
9.Qb3 Nbd7 10.Be2 Ne4 11.O-O b6 12.Rac1 Nxc3 13.Rxc3 Nf6 14.Bc4 Ne4 15.
Rcc1 Rb8 16.a4 b5 17.axb5 a6 18.g4 Bd7 19.Qc2 axb5 20.Bxf7+ Rxf7 21.Qxe4 
Qe8 22.Ng5 Rf6 23.Qd5+ Kh8 24.Rc7 h6 25.Ne4 Rf8 26.Nc5 Bc8 27.Nd3 g5 28.
Bg3 Qg6 29.Nb4 Be6 30.Qc6 Bc4 31.Ra1 Rbe8 32.b3 Bxb3 33.Qxb5 h5 34.Nd5 h4 
35.Qxb3 hxg3 36.fxg3 Qf7 37.Rc2 Qf3 38.Rg2 Rb8 39.Qc4 e6 40.Ne7 Qxe3+ 41.
Kh2 Rf2 42.Ra2 Rxa2 43.Qxa2 Bxd4 44.h4 gxh4 45.Ng6+ Kg7 46.Nxh4 Rh8 47.Qb1
Rxh4+ 48.gxh4 Be5+ 49.Kh1 Qh3+ 50.Kg1 Bd4+ 0-1

[Event "POL-ChT2"]
[Site "Opole POL"]
[Date "2006.09.05"]
[Round "4"]
[White "Wojciechowski, Piotr"]
[Black "Bernard, Ryszard"]
[Result "1/2-1/2"]
[WhiteElo "2218"]
[BlackElo "2356"]
[EventDate "2006.09.02"]
[PlyCount "145"]

1.e4 c5 2.Nf3 d6 3.d4 cxd4 4.Nxd4 Nf6 5.Nc3 Nc6 6.Bg5 e6 7.Qd2 a6 8.O-O-O 
Bd7 9.f3 Be7 10.h4 h6 11.Be3 Nxd4 12.Qxd4 e5 13.Qd2 Be6 14.Kb1 Qa5 15.Qf2 
Qc7 16.g4 Qc6 17.Rg1 d5 18.g5 hxg5 19.hxg5 d4 20.gxf6 Bxf6 21.Nd5 dxe3 22.
Nxf6+ gxf6 23.Qxe3 Rc8 24.Bd3 Qc5 25.Qd2 Ke7 26.f4 exf4 27.Qxf4 Qe5 28.Qd2
a5 29.Rg2 Rc6 30.Qe3 Qc5 31.Qxc5+ Rxc5 32.Rf2 Rch5 33.b3 Rh1 34.Rxh1 Rxh1+
35.Kb2 b6 36.Ka3 Rh6 37.Ka4 Kd6 38.Kb5 Kc7 39.Ka4 Kc6 40.b4 axb4 41.Kxb4 
Kd6 42.a3 Bd7 43.Rg2 Rh4 44.Kc3 Bc6 45.Rf2 Ke7 46.Kd4 Bd7 47.Kd5 Rh5+ 48.
Kd4 Ra5 49.c4 Rxa3 50.Rb2 Ra6 51.Ke3 Ra3 52.Rxb6 f5 53.e5 f4+ 54.Kd4 Be6 
55.Rb7+ Kd8 56.Rb2 f3 57.Rh2 Ke7 58.Rh4 f2 59.Rf4 Ra2 60.Ke3 Ra3 61.Kd4 
Ra2 62.Rf6 Bh3 63.Ke3 Ra5 64.Kd4 Ra2 65.Ke3 Ra5 66.Rxf2 Rxe5+ 67.Kd4 Re1 
68.Be4 Be6 69.Bd5 Rd1+ 70.Kc5 Bxd5 71.cxd5 Rc1+ 72.Kd4 Rd1+ 73.Kc5 1/2-1/2

[Event "POL-ChT2"]
[Site "Opole POL"]
[Date "2006.09.05"]
[Round "4"]
[White "Zezulkin, Jurij"]
[Black "Kalinin, Oleg"]
[Result "1-0"]
[WhiteElo "2455"]
[BlackElo "2354"]
[EventDate "2006.09.02"]
[PlyCount "47"]

1.e4 c5 2.Nf3 e6 3.d4 cxd4 4.Nxd4 a6 5.Nc3 Qc7 6.Bd3 Nf6 7.O-O Nc6 8.Be3 
Ne5 9.Nf3 d6 10.Nxe5 dxe5 11.Na4 Bd7 12.c4 Bc6 13.Qc2 Qa5 14.Nc3 Bc5 15.a3
Bxe3 16.fxe3 Qb6 17.Qe2 a5 18.b4 axb4 19.axb4 Rxa1 20.Rxa1 Qxb4 21.Ra8+ 
Ke7 22.Na2 Rxa8 23.Nxb4 Ra1+ 24.Kf2 1-0

[Event "POL-ChT2"]
[Site "Opole POL"]
[Date "2006.09.05"]
[Round "4"]
[White "Bernat, Marcin"]
[Black "Wojciechowski, Adam"]
[Result "0-1"]
[WhiteElo "2220"]
[BlackElo "2197"]
[EventDate "2006.09.02"]
[PlyCount "52"]

1.d4 Nf6 2.c4 g6 3.Nc3 d5 4.Nf3 Bg7 5.Qb3 dxc4 6.Qxc4 O-O 7.e4 a6 8.Be2 b5
9.Qb3 c5 10.dxc5 Bb7 11.e5 Nfd7 12.e6 Nxc5 13.exf7+ Rxf7 14.Qc2 Nbd7 15.
O-O Rc8 16.Rd1 e5 17.Be3 Ne6 18.Qb3 Nd4 19.Nxd4 exd4 20.Bxd4 Bxd4 21.Rxd4 
Qf6 22.Rg4 Rxc3 23.Qxc3 Qxf2+ 24.Kh1 Qxe2 25.h3 Nf6 26.Re1 Nxg4 0-1

[Event "POL-ChT2"]
[Site "Opole POL"]
[Date "2006.09.05"]
[Round "4"]
[White "Wieclaw, Michal"]
[Black "Smagacz, Dariusz"]
[Result "0-1"]
[WhiteElo "2229"]
[BlackElo "2227"]
[EventDate "2006.09.02"]
[PlyCount "144"]

1.e4 c5 2.Nf3 d6 3.d4 cxd4 4.Nxd4 Nf6 5.Nc3 Nc6 6.Bg5 e6 7.Qd2 a6 8.O-O-O 
Bd7 9.Nxc6 Bxc6 10.f3 Qa5 11.Kb1 Rc8 12.Bc4 Be7 13.Bb3 b5 14.Bxf6 gxf6 15.
Qh6 b4 16.Qg7 Rf8 17.Ne2 Qg5 18.Qxh7 a5 19.Bc4 Qxg2 20.Nd4 Bd7 21.Rhg1 Qf2
22.b3 Qe3 23.Qh5 Rc5 24.Qh7 a4 25.Qg7 Rh5 26.Rge1 Qc3 27.Ne2 Qxf3 28.Qg1 
Rc5 29.Nd4 Qh5 30.Qg2 Rh8 31.Qd2 Rc8 32.Qxb4 Qc5 33.Qd2 Qe5 34.Nf3 Qc5 35.
Qe2 Bd8 36.Qg2 Ba5 37.Re2 Ke7 38.Rd3 Rb8 39.Ka1 Qa3 40.Qf1 Rhc8 41.e5 Rxc4
42.Nd2 Rf4 43.exd6+ Qxd6 44.Qg1 Qc7 45.Ne4 axb3 46.axb3 Qe5+ 47.Kb1 Ra8 
48.Rxd7+ Kf8 49.Qd4 Qxd4 50.Rxd4 Bc3 51.Nxc3 Rxd4 52.Nb5 Rh4 53.c4 Ke7 54.
Kb2 Rah8 55.Kc3 Rxh2 56.Re1 f5 57.c5 R8h3+ 58.Kb4 Rb2 59.Nd4 Rh4 60.Kc3 
Rf2 61.Nc6+ Kf6 62.Na5 Rf3+ 63.Kb2 Rh2+ 64.Ka3 Rc2 65.Kb4 Rh3 66.c6 Rh8 
67.Kb5 Rb8+ 68.Nb7 Rc8 69.Na5 f4 70.b4 f3 71.Kb6 f2 72.Rb1 Rg8 0-1

[Event "POL-ChT2"]
[Site "Opole POL"]
[Date "2006.09.05"]
[Round "4"]
[White "Markiewicz, Jerzy"]
[Black "Orzech, Dominik"]
[Result "1/2-1/2"]
[WhiteElo "2314"]
[BlackElo "2370"]
[EventDate "2006.09.02"]
[PlyCount "90"]

1.d4 d5 2.Nf3 Nf6 3.c4 c6 4.Nc3 dxc4 5.e4 b5 6.e5 Nd5 7.a4 e6 8.axb5 Nxc3 
9.bxc3 cxb5 10.Ng5 Bb7 11.Qh5 g6 12.Qg4 Be7 13.h4 h5 14.Qf4 Bxg5 15.hxg5 
Nc6 16.Rh4 Ne7 17.g4 Qd5 18.Be2 Qg2 19.Ra5 a6 20.gxh5 Nf5 21.Rh2 Qg1+ 22.
Kd2 gxh5 23.Bf3 O-O-O 24.Ke2 Ng3+ 25.Qxg3 Qxc1 26.Bxb7+ Kxb7 27.Ra2 Kb6 
28.Qf3 Qb1 29.Rd2 Rh7 30.Rh1 Qg6 31.Ra1 a5 32.Rxa5 Rd5 33.Rda2 Qxg5 34.
Ra6+ Kb7 35.Ra7+ Kb8 36.Rxf7 Rxf7 37.Qxf7 Qg4+ 38.Ke3 Qg5+ 39.Ke2 Qg4+ 40.
Ke3 Qg5+ 41.Qf4 Qxf4+ 42.Kxf4 b4 43.cxb4 Rxd4+ 44.Kg5 c3 45.Rc2 Rd2 
1/2-1/2

[Event "POL-ChT2"]
[Site "Opole POL"]
[Date "2006.09.05"]
[Round "4"]
[White "Wisniewski, Adrian"]
[Black "Kaszowski, Dariusz"]
[Result "0-1"]
[WhiteElo "2369"]
[BlackElo "2299"]
[EventDate "2006.09.02"]
[PlyCount "56"]

1.d4 Nf6 2.Nf3 d5 3.c4 c6 4.Qc2 dxc4 5.Qxc4 Bf5 6.Nc3 e6 7.g3 Be7 8.Bg2 
O-O 9.O-O Nbd7 10.Rd1 Bc2 11.a4 Nb6 12.Qa2 Bxd1 13.Nxd1 c5 14.a5 Nbd5 15.
dxc5 Bxc5 16.Qb1 Rc8 17.Bd2 Bb4 18.Bxb4 Nxb4 19.Nc3 Qe7 20.e4 e5 21.Ra4 
Nc6 22.h4 Qc5 23.Nd5 Nxd5 24.exd5 Nd4 25.Nxe5 Ne2+ 26.Kh2 Qxf2 27.Qd3 Rc1 
28.Kh3 h6 0-1

[Event "POL-ChT2"]
[Site "Opole POL"]
[Date "2006.09.05"]
[Round "4"]
[White "Tomczak, Rafal"]
[Black "Juroszek, Tadeusz"]
[Result "1-0"]
[WhiteElo "2316"]
[BlackElo "2387"]
[EventDate "2006.09.02"]
[PlyCount "51"]

1.e4 c5 2.Nf3 e6 3.d4 cxd4 4.Nxd4 a6 5.Bd3 d6 6.O-O g6 7.c3 Bg7 8.f4 Nf6 
9.Kh1 O-O 10.Qe1 Nbd7 11.Bc2 e5 12.Nf3 exf4 13.Bxf4 Nc5 14.Nbd2 Re8 15.Qh4
Ne6 16.Be3 Bd7 17.Ng5 Nh5 18.Bb3 h6 19.Ngf3 Bb5 20.Qf2 Bxf1 21.Rxf1 Nf6 
22.Nd4 Qe7 23.Qg3 Kh7 24.Nxe6 fxe6 25.e5 Nh5 26.Qxg6+ 1-0

[Event "POL-ChT2"]
[Site "Opole POL"]
[Date "2006.09.05"]
[Round "4"]
[White "Szczepkowska-Horowska, Karina"]
[Black "Magnucka, Milena"]
[Result "1-0"]
[WhiteElo "2331"]
[BlackElo "2066"]
[EventDate "2006.09.02"]
[PlyCount "51"]

1.e4 c5 2.d3 Nc6 3.g3 g6 4.Bg2 Bg7 5.f4 d6 6.Nf3 e6 7.O-O Nge7 8.c3 O-O 9.
Be3 b6 10.Bf2 Ba6 11.Re1 Rc8 12.Qd2 Qc7 13.Na3 Rfd8 14.Nc2 Na5 15.g4 f5 
16.exf5 exf5 17.Qe2 Nec6 18.Ng5 Rf8 19.Ne6 Qd7 20.Nxf8 Rxf8 21.g5 Nb7 22.
Qe6+ Qxe6 23.Rxe6 Rc8 24.Bd5 Kf8 25.Rae1 Nba5 26.Re7 1-0

[Event "POL-ChT2"]
[Site "Opole POL"]
[Date "2006.09.05"]
[Round "4"]
[White "Dudzinski, Pawel"]
[Black "Krzyzanowski, Marcin"]
[Result "1/2-1/2"]
[WhiteElo "2203"]
[BlackElo "2106"]
[EventDate "2006.09.02"]
[PlyCount "69"]

1.e4 e5 2.Nc3 Nf6 3.g3 Bc5 4.Bg2 d6 5.Nge2 c6 6.O-O O-O 7.h3 Re8 8.d4 exd4
9.Nxd4 Nbd7 10.g4 Bb4 11.Nde2 Nc5 12.f3 Be6 13.a3 Bxc3 14.Nxc3 Bc4 15.Rf2 
d5 16.b3 Ba6 17.b4 Ne6 18.exd5 Nxd5 19.Nxd5 cxd5 20.f4 Qf6 21.Rb1 Bc4 {=} 
22.Bb2 Qh6 23.g5 Qh4 24.Qg4 Qxg4 25.hxg4 a5 26.Re1 axb4 27.axb4 Red8 28.
Ra1 Rxa1+ 29.Bxa1 Ra8 30.Be5 Re8 31.Rd2 f6 32.gxf6 gxf6 33.Bd6 Rd8 34.Be7 
Rd7 35.Bxf6 1/2-1/2

[Event "POL-ChT2"]
[Site "Opole POL"]
[Date "2006.09.05"]
[Round "4"]
[White "Matras, Agnieszka"]
[Black "Dudzinski, Piotr"]
[Result "1-0"]
[WhiteElo "2212"]
[BlackElo "2254"]
[EventDate "2006.09.02"]
[PlyCount "47"]

1.e4 e6 2.d4 d5 3.Nd2 dxe4 4.Nxe4 Nd7 5.Nf3 Ngf6 6.Nxf6+ Nxf6 7.Bd3 Be7 8.
Qe2 O-O 9.Bf4 c5 10.O-O-O Qa5 11.Kb1 b5 12.dxc5 Nd5 13.Bd6 Bf6 14.Ne5 Bb7 
15.c6 Ba6 16.Nd7 Bxb2 17.Kxb2 Qc3+ 18.Kb1 Qxc6 19.Bxh7+ Kxh7 20.Nxf8+ Kg8 
21.Rxd5 Qxd5 22.Rd1 Qf5 23.g4 Qg5 24.Qe4 1-0

[Event "POL-ChT2"]
[Site "Opole POL"]
[Date "2006.09.05"]
[Round "4"]
[White "Szelag, Marcin"]
[Black "Kovalev, Andrei"]
[Result "1-0"]
[WhiteElo "2470"]
[BlackElo "2526"]
[EventDate "2006.09.02"]
[PlyCount "169"]

1.e4 c5 2.Nf3 e6 3.d4 cxd4 4.Nxd4 a6 5.Bd3 Bc5 6.Nb3 Ba7 7.Qe2 Nc6 8.Be3 
d6 9.O-O Nf6 10.Nc3 b5 11.Bxa7 Rxa7 12.a4 b4 13.Nd1 O-O 14.f4 a5 15.Ne3 
Qb6 16.Kh1 Ba6 17.Nc4 Bxc4 18.Bxc4 Re7 19.Rad1 d5 20.Bd3 dxe4 21.Bxe4 Nxe4
22.Qxe4 Qc7 23.Qc4 Rd7 24.Rxd7 Qxd7 25.Qc5 Ra8 26.h3 g6 27.Rf3 Ne7 28.Nxa5
Qxa4 29.Qxe7 Qxa5 30.Rb3 Qf5 31.Rxb4 Qxc2 32.Qd6 h5 33.Rb8+ Rxb8 34.Qxb8+ 
Kh7 35.b4 h4 36.b5 Qb1+ 37.Kh2 Qb3 38.Qe5 f6 39.Qc5 Qg3+ 40.Kh1 Qxf4 41.
Kg1 Qd2 42.Qe7+ Kh6 43.Qxf6 Qd1+ 44.Qf1 Qd4+ 45.Kh1 Qb2 46.Qf4+ g5 47.Qf8+
Kg6 48.Qg8+ Kh6 49.Qxe6+ Kh5 50.Qe8+ Kh6 51.Qc6+ Kh5 52.Qc7 Kg6 53.b6 g4 
54.hxg4 h3 55.gxh3 Qf2 56.Qd6+ Kg5 57.Qe7+ Kh6 58.Qe6+ Kg7 59.Qe5+ Kh6 60.
Qh8+ Kg6 61.Qg8+ Kh6 62.Qe6+ Kg7 63.Qd7+ Kh6 64.Qf5 Qxb6 65.Qf4+ Kg6 66.
Kh2 Qb2+ 67.Kg3 Qc3+ 68.Qf3 Qe1+ 69.Kf4 Qc1+ 70.Qe3 Qf1+ 71.Kg3 Qc4 72.h4 
Qc7+ 73.Kh3 Qc6 74.h5+ Kh7 75.Kh4 Qd6 76.Qe4+ Kg7 77.Qe3 Qh2+ 78.Kg5 Qd6 
79.Qc3+ Kh7 80.Qc2+ Kh8 81.Qf5 Qb8 82.Qf6+ Kh7 83.Qf7+ Kh8 84.Kg6 Qb1+ 85.
Qf5 1-0

[Event "POL-ChT2"]
[Site "Opole POL"]
[Date "2006.09.05"]
[Round "4"]
[White "Hnydiuk, Aleksander"]
[Black "Urban, Klaudiusz"]
[Result "1/2-1/2"]
[WhiteElo "2366"]
[BlackElo "2457"]
[EventDate "2006.09.02"]
[PlyCount "45"]

1.e4 d6 2.d4 Nf6 3.Nc3 e5 4.Nf3 Nbd7 5.Bc4 Be7 6.O-O O-O 7.Re1 c6 8.a4 a5 
9.h3 Nb6 10.Ba2 Nfd7 11.Be3 exd4 12.Qxd4 Nc5 13.Rad1 Be6 14.Bxe6 fxe6 15.
e5 d5 16.Qg4 Qe8 17.b3 Nbd7 18.Ne2 h5 19.Qg3 Ne4 20.Qh2 h4 21.Nfd4 Qf7 22.
f3 Nec5 23.Qf4 1/2-1/2

[Event "POL-ChT2"]
[Site "Opole POL"]
[Date "2006.09.05"]
[Round "4"]
[White "Chmiel, Dominika"]
[Black "Chlost, Marlena"]
[Result "1-0"]
[WhiteElo "2138"]
[BlackElo "2132"]
[EventDate "2006.09.02"]
[PlyCount "103"]

1.e4 c5 2.Nf3 d6 3.d4 cxd4 4.Nxd4 Nf6 5.Nc3 a6 6.a4 g6 7.Be2 Bg7 8.Be3 b6 
9.Bf3 e5 10.Nb3 h6 11.Qd2 Bb7 12.Rd1 Bf8 13.a5 Nbd7 14.axb6 Nxb6 15.Na5 
Qc7 16.Bxb6 Qxb6 17.Nc4 Qc7 18.Nxd6+ Bxd6 19.Qxd6 Qxd6 20.Rxd6 Ke7 21.Rd2 
Rhd8 22.Ke2 g5 23.Rxd8 Rxd8 24.Ke3 Rd4 25.h3 h5 26.g4 hxg4 27.hxg4 Bc8 28.
Rg1 Bb7 29.Ra1 Bc8 30.Ra5 Kd6 31.Be2 Nxg4+ 32.Bxg4 Bxg4 33.Rxa6+ Ke7 34.
Ra5 Kf6 35.Nd5+ Kg7 36.f3 Bh3 37.Nc3 Kf6 38.b3 Bg2 39.Nd5+ Kg7 40.Ne7 Rd1 
41.Rxe5 Kf6 42.Nc6 Bh3 43.Rd5 Re1+ 44.Kd2 Rf1 45.Nd4 Kg6 46.b4 Rb1 47.b5 
Bf1 48.Rd6+ Kg7 49.b6 Rb4 50.Nf5+ Kh7 51.c3 Rb2+ 52.Kc1 1-0

[Event "POL-ChT2"]
[Site "Opole POL"]
[Date "2006.09.05"]
[Round "4"]
[White "Wlodarczyk, Oskar"]
[Black "Bobula, Mateusz"]
[Result "1/2-1/2"]
[WhiteElo "2282"]
[BlackElo "2254"]
[EventDate "2006.09.02"]
[PlyCount "42"]

1.e4 e6 2.d4 d5 3.Nc3 Bb4 4.e5 c5 5.Bd2 Ne7 6.Nb5 Bxd2+ 7.Qxd2 O-O 8.O-O-O
Nbc6 9.c3 f6 10.f4 Qa5 11.exf6 Rxf6 12.dxc5 a6 13.b4 Qa4 14.Nd6 d4 15.cxd4
Nd5 16.g3 Ncxb4 17.Bc4 Qa3+ 18.Qb2 Qe3+ 19.Qd2 Qa3+ 20.Qb2 Qe3+ 21.Qd2 
Qa3+ 1/2-1/2

[Event "POL-ChT2"]
[Site "Opole POL"]
[Date "2006.09.05"]
[Round "4"]
[White "Lisowski, Krzysztof"]
[Black "Kuzmicz, Krystian"]
[Result "0-1"]
[WhiteElo "2234"]
[BlackElo "2375"]
[EventDate "2006.09.02"]
[PlyCount "104"]

1.e4 c5 2.c3 g6 3.Nf3 Bg7 4.d4 cxd4 5.cxd4 d5 6.exd5 Nf6 7.Bb5+ Nbd7 8.d6 
exd6 9.Qe2+ Qe7 10.Bf4 Qxe2+ 11.Bxe2 Ke7 12.Nc3 Nb6 13.O-O h6 14.Rfe1 Be6 
15.Nb5 Ne8 16.Rac1 Kd7 17.Bd2 a6 18.Ba5 Nd5 19.Nc3 Nef6 20.Bc4 Rac8 21.Bb3
b6 22.Nxd5 Nxd5 23.Bd2 g5 24.h3 Rxc1 25.Rxc1 f5 26.Be3 Re8 27.Re1 Nb4 28.
Bxe6+ Rxe6 29.Rc1 Nd5 30.Bd2 Re4 31.Rd1 g4 32.Nh4 Ke6 33.hxg4 fxg4 34.Kf1 
Bf6 35.g3 h5 36.Ng2 Rxd4 37.Re1+ Kd7 38.Bc1 Nb4 39.Be3 Re4 40.Rd1 Bxb2 41.
Bxb6 Be5 42.a3 Nc2 43.Rd2 Nxa3 44.Ra2 Rb4 45.Be3 Rb3 46.Bc1 Nc4 47.Ke2 a5 
48.Rc2 d5 49.Ra2 Rb1 50.Rc2 a4 51.Bf4 Bb2 52.Kd3 {zapis nieczytelny} 52...
Rd1+ 0-1

[Event "POL-ChT2"]
[Site "Opole POL"]
[Date "2006.09.05"]
[Round "4"]
[White "Staniszewski, Piotr"]
[Black "Kulesza, Mateusz"]
[Result "1-0"]
[WhiteElo "2424"]
[BlackElo "2282"]
[EventDate "2006.09.02"]
[PlyCount "46"]

1.d4 e6 2.c4 d5 3.Nf3 c6 4.Nbd2 Nf6 5.e3 Be7 6.Bd3 O-O 7.O-O Nbd7 8.e4 
dxe4 9.Nxe4 Nxe4 10.Bxe4 Nf6 11.Bc2 c5 12.Qd3 cxd4 13.Bg5 g6 14.Rad1 b6 
15.Nxd4 Bb7 16.Qh3 Kh8 17.Qh4 Kg7 18.Qh6+ Kg8 19.Qh4 Kg7 20.Rfe1 e5 21.
Nf5+ gxf5 22.Qh6+ Kg8 23.Bxf6 Bxf6 1-0

[Event "POL-ChT2"]
[Site "Opole POL"]
[Date "2006.09.05"]
[Round "4"]
[White "Szwed, Jacek"]
[Black "Jasnikowski, Zbigniew"]
[Result "1-0"]
[WhiteElo "2323"]
[BlackElo "2411"]
[EventDate "2006.09.02"]
[PlyCount "79"]

1.d4 Nf6 2.c4 e6 3.Nc3 d5 4.cxd5 exd5 5.Bg5 c6 6.e3 Be7 7.Bd3 Nbd7 8.Qc2 
O-O 9.Nf3 Re8 10.O-O Nf8 11.Rae1 Be6 12.Ne5 N6d7 13.Bxe7 Rxe7 14.f4 f6 15.
Nxd7 Qxd7 16.f5 Bf7 17.Rf3 Rae8 18.Qf2 Qd6 19.Kh1 Nd7 20.g4 c5 21.Rg1 Kh8 
22.h4 cxd4 23.exd4 Nb8 24.g5 Bh5 25.Rfg3 Nc6 26.Nb5 Qb8 27.gxf6 gxf6 28.
Nc3 Nb4 29.Bb5 Re4 30.Nxe4 Rxe4 31.Rc3 Bg4 32.Rgc1 Nc6 33.Bxc6 bxc6 34.Re3
Qe8 35.Rce1 Qh5 36.Rxe4 dxe4 37.Kh2 Bxf5 38.Rg1 e3 39.Qf4 Qe2+ 40.Rg2 1-0

[Event "POL-ChT2"]
[Site "Opole POL"]
[Date "2006.09.05"]
[Round "4"]
[White "Jasik, Krzysztof"]
[Black "Owczarzak, Jerzy"]
[Result "0-1"]
[WhiteElo "2336"]
[BlackElo "2380"]
[EventDate "2006.09.02"]
[PlyCount "52"]

1.e4 e5 2.Nf3 Nc6 3.d4 exd4 4.Nxd4 Bc5 5.Nxc6 Qf6 6.Qd2 dxc6 7.Bd3 Be6 8.
O-O O-O-O 9.Qe2 h5 10.Nc3 Bd4 11.Be3 c5 12.Bxd4 cxd4 13.e5 Qe7 14.Ne4 Nh6 
15.b4 Ng4 16.Nc5 Bd5 17.h3 Nxe5 18.Rae1 Rhe8 19.f4 Nxd3 20.Qxe7 Rxe7 21.
Rxe7 Nxb4 22.Rf2 Bxa2 23.Re5 b6 24.Na4 Nxc2 25.Rxc2 Bb3 26.Nxb6+ axb6 0-1

[Event "POL-ChT2"]
[Site "Opole POL"]
[Date "2006.09.06"]
[Round "5"]
[White "Bernard, Ryszard"]
[Black "Matras, Agnieszka"]
[Result "1/2-1/2"]
[WhiteElo "2356"]
[BlackElo "2212"]
[EventDate "2006.09.02"]
[PlyCount "100"]

1.e4 e5 2.Nf3 Nc6 3.Bc4 Nf6 4.d4 exd4 5.e5 Ng4 6.Qe2 Qe7 7.Bf4 d6 8.exd6 
cxd6 9.Nbd2 Bf5 10.Nb3 Qxe2+ 11.Bxe2 d3 12.cxd3 Nge5 13.Kd2 Be7 14.Nbd4 
Nxf3+ 15.Nxf3 Kd7 {=} 16.h3 Rac8 17.Be3 Bf6 18.g4 Be6 19.d4 h6 20.Bb5 Bd5 
21.Ke2 a6 22.Bxc6+ Rxc6 23.Rhd1 Rc2+ 24.Rd2 Bxf3+ 25.Kxf3 Rxd2 26.Bxd2 
Bxd4 27.Rc1 Rc8 28.Rxc8 Kxc8 29.b3 Kd7 30.h4 Ke6 31.h5 Kd5 32.Ke2 Ke5 33.
f3 f5 34.Kd3 fxg4 35.fxg4 d5 36.g5 hxg5 37.Bxg5 Kf5 38.h6 gxh6 39.Bxh6 Bb2
40.Be3 Ke5 41.Bh6 Kd6 42.Bf8+ Kc6 43.Be7 Be5 44.Ba3 a5 45.Bc1 Kb5 46.Bd2 
a4 47.Be1 axb3 48.axb3 Kc5 49.Bd2 Bf6 50.Be1 Be5 1/2-1/2

[Event "POL-ChT2"]
[Site "Opole POL"]
[Date "2006.09.06"]
[Round "5"]
[White "Sikorska, Agata"]
[Black "Szczepkowska-Horowska, Karina"]
[Result "0-1"]
[WhiteElo "2101"]
[BlackElo "2331"]
[EventDate "2006.09.02"]
[PlyCount "40"]

1.e4 e5 2.Nf3 Nc6 3.Bc4 Nf6 4.d4 exd4 5.e5 d5 6.Bb5 Ne4 7.Nxd4 Bd7 8.Bxc6 
bxc6 9.O-O Bc5 10.f3 Ng5 11.f4 Ne4 12.Be3 Bb6 13.Nd2 Nxd2 14.Qxd2 c5 15.
Ne2 d4 16.Bf2 O-O 17.c4 f6 18.Bh4 Qe8 19.exf6 Qh5 20.fxg7 Rfe8 0-1

[Event "POL-ChT2"]
[Site "Opole POL"]
[Date "2006.09.06"]
[Round "5"]
[White "Samborski, Henryk"]
[Black "Plonczak, Dominik"]
[Result "0-1"]
[WhiteElo "2188"]
[BlackElo "2096"]
[EventDate "2006.09.02"]
[PlyCount "115"]

1.e4 e6 2.d3 d5 3.Nd2 Nf6 4.Ngf3 c5 5.Be2 Nc6 6.c3 Qc7 7.Qc2 b6 8.O-O Bb7 
9.Re1 O-O-O 10.Nf1 h6 11.a3 g5 12.b4 dxe4 13.dxe4 g4 14.N3d2 Ne5 15.Qa4 
Kb8 16.Ba6 Nd3 17.Re3 Nxc1 18.Rxc1 h5 19.Bxb7 Qxb7 20.Re2 Nd7 21.Nb3 Bd6 
22.c4 a6 23.Nbd2 Ne5 24.Rb1 Nd3 25.bxc5 Nxc5 26.Qc2 f6 27.Nb3 Ka7 28.Nxc5 
Bxc5 29.a4 Qc6 30.Qc3 Bd4 31.Qb4 Bc5 32.Qc3 Bd4 33.Qb4 Qc5 34.Qxc5 Bxc5 
35.Rd2 Rxd2 36.Nxd2 Rd8 37.Rb2 Rd3 38.Kf1 Ra3 39.Nb3 Rxa4 40.Nxc5 bxc5 41.
Rc2 Kb6 42.Ke2 Ra3 43.Rb2+ Kc7 44.Kd2 Ra4 45.Kc3 Ra1 46.g3 Rh1 47.Ra2 Kb7 
48.Rb2+ Kc7 49.Ra2 Rxh2 50.Rxa6 Rxf2 51.Rxe6 Rf3+ 52.Kd2 Kd7 53.Ra6 Rxg3 
54.Rxf6 h4 55.Rh6 h3 56.Ke2 Rg2+ 57.Kf1 Rc2 58.Kg1 0-1